000 00379nam a2200133Ia 4500
008 100328s9999 xx 000 0 und d
082 _b24158
100 _aरामपुरे बा. ाों.
245 _aफिरकी
260 _bमेहता पब्लिशिंग हाऊस
630 _aफिरकी
730 _aफिरकी
942 _cBOOK
999 _c517626
_d517623